Statistics for Lake, McHenry, Cook, or Kane County

Click here to take the quiz!

General Stats

  • This quiz has been taken 20 times
  • The average score is 10 of 12

Answer Stats

QuestionAnswer% Correct
ChicagoCook
100%
WaukeganLake
100%
WoodstockMcHenry
100%
RosemontCook
95%
Tinley ParkCook
89%
Oak ForestCook
84%
Lake BarringtonLake
68%
VoloLake
68%
La GrangeCook
63%
St CharlesKane
63%
Campton HillsKane
63%
Bull ValleyMcHenry
58%

Score Distribution

Percentile by Number Answered

Percent of People with Each Score

Your Score History

You have not taken this quiz